MARC

LEADER 00000nbm0a2200000 4500
001 127480
005 20231031132248.0
035 |a (RuTPU)RU\TPU\book\137912 
090 |a 127480 
100 |a 20071217d1974 k y0rusy50 ca 
101 0 |a rus 
102 |a RU 
105 |a a m 001zy 
200 1 |a Строение и история формирования девонского осадочно-вулканогенного комплекса Минусинского прогиба  |e Диссертация на соискание ученой степени кандидата технических наук  |e Спец. 04.00.01  |f Л. С. Ратанов  |g Сибирский научно-исследовательский институт геологии, геофизики и минерального сырья (СНИИГГиМС) ; науч. рук. В. И. Краснов 
210 |a Новосибирск  |d 1974 
215 |a 210 л.  |c ил. 
320 |a Библиогр.: с. 167-188 (172 назв.) 
610 1 |a диссертации 
610 1 |a геология 
610 1 |a Минусинский прогиб 
610 1 |a девонские отложения 
610 1 |a осадочно-вулканогенные комплексы 
610 1 |a строение 
610 1 |a вулканиты 
610 1 |a типы 
610 1 |a Июсо-Печищенский ареал 
610 1 |a Ширинский ареал 
610 1 |a Шунет-Матаракский ареал 
610 1 |a Каскыро-Беллыкско-Коксинский ареал 
610 1 |a Сисима-Езагашский ареал 
610 1 |a Уйбатский ареал 
610 1 |a Джебашско-Чиланский ареал 
675 |a 551.734(048)  |v 3 
686 |a  04.00.01  |2 oksvnk 
700 1 |a Ратанов  |b Л. С. 
702 1 |a Краснов  |b В. И.  |4 727 
712 0 2 |a Сибирский научно-исследовательский институт геологии, геофизики и минерального сырья (СНИИГГиМС)  |c (Новосибирск)  |2 stltpush  |3 (RuTPU)RU\TPU\col\322 
801 1 |a RU  |b 63413507  |c 20071217  |g PSBO 
801 2 |a RU  |b 63413507  |c 20130125  |g RCR 
942 |c BK